<?xml version="1.0" encoding="UTF-8"?>
<record
    xmlns:xsi="http://www.w3.org/2001/XMLSchema-instance"
    xsi:schemaLocation="http://www.loc.gov/MARC21/slim http://www.loc.gov/standards/marcxml/schema/MARC21slim.xsd"
    xmlns="http://www.loc.gov/MARC21/slim">

  <leader>01271nam a22002777a 4500</leader>
  <controlfield tag="005">20170427102406.0</controlfield>
  <controlfield tag="008">170427b        mx ||||| |||| 00| 0 spa d</controlfield>
  <datafield tag="020" ind1=" " ind2=" ">
    <subfield code="a">9707017074</subfield>
  </datafield>
  <datafield tag="050" ind1="0" ind2="4">
    <subfield code="a">F128.9.M5</subfield>
    <subfield code="b">S65 2006</subfield>
  </datafield>
  <datafield tag="100" ind1="1" ind2=" ">
    <subfield code="a">Smith, Robert Courtney.</subfield>
  </datafield>
  <datafield tag="245" ind1="1" ind2="0">
    <subfield code="a">M&#xE9;xico en Nueva York</subfield>
    <subfield code="b">: vidas transnacionales de los migrantes mexicanos entre Puebla y Nueva York</subfield>
    <subfield code="c">/ Robert Courtney Smith ; traducci&#xF3;n Luis Rodolfo Mor&#xE1;n Quiroz.</subfield>
  </datafield>
  <datafield tag="250" ind1=" " ind2=" ">
    <subfield code="a">1a ed.</subfield>
  </datafield>
  <datafield tag="260" ind1=" " ind2=" ">
    <subfield code="a">M&#xE9;xico, D.F. :</subfield>
    <subfield code="b">C&#xE1;mara de Diputados, LIX Legislatura</subfield>
  </datafield>
  <datafield tag="260" ind1=" " ind2=" ">
    <subfield code="b">Universidad Aut&#xF3;noma de Zacatecas</subfield>
  </datafield>
  <datafield tag="260" ind1=" " ind2=" ">
    <subfield code="b">Miguel &#xC1;ngel Porr&#xFA;a,</subfield>
    <subfield code="c">2006.</subfield>
  </datafield>
  <datafield tag="300" ind1=" " ind2=" ">
    <subfield code="a">410 p. :</subfield>
    <subfield code="b">il. ;</subfield>
    <subfield code="c">23 cm.</subfield>
  </datafield>
  <datafield tag="490" ind1="0" ind2=" ">
    <subfield code="a"> Am&#xE9;rica Latina y el nuevo orden mundial</subfield>
  </datafield>
  <datafield tag="504" ind1=" " ind2=" ">
    <subfield code="a">Bibliograf&#xED;a : p. 377-410.</subfield>
  </datafield>
  <datafield tag="650" ind1=" " ind2="4">
    <subfield code="a">Mexicanos</subfield>
    <subfield code="x">Historia </subfield>
    <subfield code="y">Siglo 20</subfield>
    <subfield code="z">Nueva York (estado)</subfield>
    <subfield code="z">Nueva York</subfield>
  </datafield>
  <datafield tag="650" ind1=" " ind2="4">
    <subfield code="a">Mexicanos</subfield>
    <subfield code="x">Vida social y costumbres</subfield>
    <subfield code="y">Siglo 20</subfield>
    <subfield code="z">Nueva York (estado)</subfield>
    <subfield code="z">Nueva York</subfield>
  </datafield>
  <datafield tag="650" ind1=" " ind2="7">
    <subfield code="2">lemb</subfield>
    <subfield code="a">Emigraci&#xF3;n e inmigraci&#xF3;n</subfield>
    <subfield code="z">Nueva York (estado)</subfield>
    <subfield code="z">Nueva York</subfield>
  </datafield>
  <datafield tag="651" ind1=" " ind2="4">
    <subfield code="a">Nueva York (N.Y.)</subfield>
    <subfield code="x">Emigraci&#xF3;n e inmigraci&#xF3;n</subfield>
    <subfield code="x">Historia</subfield>
    <subfield code="y">Siglo 20</subfield>
  </datafield>
  <datafield tag="651" ind1=" " ind2="4">
    <subfield code="a">Puebla de Zaragoza (M&#xE9;xico)</subfield>
    <subfield code="x">Emigraci&#xF3;n e inmigraci&#xF3;n</subfield>
    <subfield code="x">Historia</subfield>
    <subfield code="y">Siglo 20</subfield>
  </datafield>
  <datafield tag="700" ind1="1" ind2=" ">
    <subfield code="a">Mor&#xE1;n Quiroz, Luis Rodolfo,</subfield>
    <subfield code="e">traductor</subfield>
  </datafield>
  <datafield tag="942" ind1=" " ind2=" ">
    <subfield code="2">lcc</subfield>
    <subfield code="c">LIB</subfield>
  </datafield>
  <datafield tag="999" ind1=" " ind2=" ">
    <subfield code="c">132611</subfield>
    <subfield code="d">132611</subfield>
  </datafield>
  <datafield tag="952" ind1=" " ind2=" ">
    <subfield code="1">0</subfield>
    <subfield code="2">lcc</subfield>
    <subfield code="4">0</subfield>
    <subfield code="7">0</subfield>
    <subfield code="a">UCIH</subfield>
    <subfield code="b">UCIH</subfield>
    <subfield code="c">CMAP</subfield>
    <subfield code="d">2017-04-27</subfield>
    <subfield code="e">DON</subfield>
    <subfield code="f">1a ed.</subfield>
    <subfield code="k">CSA</subfield>
    <subfield code="o">F128.9.M5 S65 2006</subfield>
    <subfield code="p">BCU000018362</subfield>
    <subfield code="r">2017-04-27 00:00:00</subfield>
    <subfield code="t">1</subfield>
    <subfield code="y">LIB</subfield>
  </datafield>
  <datafield tag="952" ind1=" " ind2=" ">
    <subfield code="1">0</subfield>
    <subfield code="2">lcc</subfield>
    <subfield code="4">0</subfield>
    <subfield code="7">0</subfield>
    <subfield code="a">BCLC</subfield>
    <subfield code="b">BCLC</subfield>
    <subfield code="c">GENERAL</subfield>
    <subfield code="d">2019-01-29</subfield>
    <subfield code="e">DON</subfield>
    <subfield code="f">1a ed.</subfield>
    <subfield code="k">CSA</subfield>
    <subfield code="o">F128.9.M5 S65 2006</subfield>
    <subfield code="p">BCLC000001741</subfield>
    <subfield code="r">2019-01-29 00:00:00</subfield>
    <subfield code="t">1</subfield>
    <subfield code="y">LIB</subfield>
  </datafield>
</record>
